Practical manual for the culture of the african catfish (Clarias gariepinus)

Enregistré dans:
Détails bibliographiques
Format: Livre
Langue:Undetermined
Publié: Netherlands Department of fish culture and fisheries of the Agricultural university of Wageningen
Sujets:
Tags: Ajouter un tag
Pas de tags, Soyez le premier à ajouter un tag!
Thư viện lưu trữ: Trung tâm Học liệu Trường Đại học Cần Thơ
LEADER 00550nam a2200145Ia 4500
001 CTU_150620
008 210402s9999 xx 000 0 und d
082 |a 639.3749 
082 |b P895 
245 0 |a Practical manual for the culture of the african catfish (Clarias gariepinus) 
260 |a Netherlands 
260 |b Department of fish culture and fisheries of the Agricultural university of Wageningen 
650 |a Fishery scientists,Nghiên cứu nghề cá 
904 |i Trọng Hải 
980 |a Trung tâm Học liệu Trường Đại học Cần Thơ